| 000 | 00782nam a2200253 4500 | ||
|---|---|---|---|
| 001 | 36273 | ||
| 010 | _a9789722540353 | ||
| 021 |
_aPT _b476653/20 |
||
| 090 | _a36273 | ||
| 100 | _a20210806d2021 m y0pory50030103ba | ||
| 101 | 0 | _apor | |
| 102 | _aPT | ||
| 200 | 1 |
_aReféns das próprias emoções _eum retrato íntimo das pessoas com personalidade borderline _fJoão Carlos Melo |
|
| 205 | _a1ª ed | ||
| 210 | 9 |
_aLisboa _cBertrand, _d2021 |
|
| 215 |
_a309, [3] p. _d23 cm |
||
| 606 |
_96626 _aEmoções _xBorderline |
||
| 675 |
_a159.97 _vBN _zpor |
||
| 675 |
_a616.89-008.48 _vBN _zpor |
||
| 700 |
_aMelo _bJoão Carlos _95763 |
||
| 801 | 0 |
_aPT _bBN _gRPC |
|
| 856 | 4 | 1 | _uhttp://rnod.bnportugal.gov.pt/ImagesBN/winlibimg.aspx?skey=&doc=2077886&img=154887&save=true |
| 990 | _cLIVROS | ||
| 994 | _aCOMP | ||